Normal view
MARC view
- Davis, Don , Badmaieff, Alexis
Entry Personal Name
001 - CONTROL NUMBER
- control field: 67003
003 - CONTROL NUMBER IDENTIFIER
- control field: NUST
005 - DATE AND TIME OF LATEST TRANSACTION
- control field: 20210628203722.0
008 - FIXED-LENGTH DATA ELEMENTS
- fixed length control field: 210628|| aca||aabn | a|a d
040 ## - CATALOGING SOURCE
- Original cataloging agency: NUST
- Transcribing agency: NUST
100 ## - HEADING--PERSONAL NAME
- Personal name: Davis, Don , Badmaieff, Alexis
670 ## - SOURCE DATA FOUND
- Source citation: Work cat.: (NUST): Davis, Don , Badmaieff, Alexis, How to build speaker enclosures, 1987
